1093 1456 1084 1568 1325 1116 1622 1117 1188 1443 1038 1392 1338 1899 1451 1866 1034 1597 1002 1858 1069 1984 1855 1051 1214 1209 1707 1351 1656 1822 1354 1652 1009 1508 1413 1339 1340 1174 1423 1237 1720 1891 1048 1471 1491 1812 1980 1234 1712 1000 1108 1608 1662 1644 1007 1723 1328 1152 1856 1081 1916 1193 1355 1885 1170 1191 1225 1728 1581 1973 1253 1314 1309 1957 1090 1512 1931 1902 1132 1353 1673 1582 1343 1785 1682 1511 1452 1515 1292 1926 1510 1388 1142 1727 1076 1578 1624 1648 1470 BCNSPRNW ULIB Ver.6.0+V

เปลี่ยนเป็นภาษาไทย

Change to English
 แสดงรายละเอียดบรรณานุกรม
  กลับหน้าหลัก

Brief Record : Get Marc (ISO 2709) : E-mail record : QR code < ปิดหน้าต่าง
LEADER : 00000nam 2200000uu 4500
001    13399127223
003     ULIB
008    200227s2560||||th 000 0 tha d
020    ^a9786169144793
060 04 ^aWY159^bน689ก
100 0  ^aนิศารัตน์ ชูชาญ
245 10 ^aการจัดการเรียนการสอนเพื่อควบคุมการบริโภคยาสูบ : หมวดวิชาการพยาบาลเด็กและวัยรุ่น /^cนิศารัตน์ ชูชาญ ; บรรณาธิการ, สุปาณี เสนาดิสัย, สุรินธร กลัมพากร
250    ^aพิมพ์ครั้งที่ 1
260    ^aกรุงเทพฯ :^bบริษัทเบญจผล จำกัด,^c2560.
300    ^a82 หน้า :^bภาพประกอบ ;^c26 ซม.
504    ^aบรรณานุกรมและดัชนีท้ายเล่ม
650  7 ^aการศึกษาพยาบาล^xหลักสูตร
650  7 ^aการพยาบาลกุมารเวชศาสตร์
650  7 ^aการสูบบุหรี่^xการป้องกันและควบคุม
700 0  ^aสุปาณี เสนาดิสัย^eบรรณาธิการ
700 0  ^aสุรินธร กลัมพากร^eบรรณาธิการ
710 2  ^aเครือข่ายพยาบาลเพื่อการควบคุมยาสูบแห่งประเทศไทย
710 2  ^aมหาวิทยาลัยนวมินทราธิราช^bคณะพยาบาลศาสตร์เกื้อการุณย์
945    ^p0^l0^i006397
999    ^aประนอม เกษจรัล
รายการนี้ยังไม่มีแท็ก
คุณยังไม่ได้ล็อกอิน คุณสามารถมีกิจกรรมร่วมกับเว็บไซต์ได้ แต่ต้องล็อกอินก่อน ::
  ล็อกอิน

รายการสื่อสารสนเทศ

ลำดับที่ ประเภท เลขเรียก/บาร์โค้ด สถานที่ สถานะ
1. Book การพยาบาล
หนังสือสำรอง
สถานะ=หนังสือสำรอง
WY159 น689ก ฉ.1 
  Barcode: 006397
ห้องสมุดวิทยาเขตสวรรค์ประชารักษ์
►หนังสือทั่วไป
บนชั้น

รายการใกล้เคียง
    หัวเรื่อง [การพยาบาลกุมารเวชศาสตร์]

BibComment


ยังไม่เคยถูกคอมเมนท์

คอมเมนท์ทรัพยากรรายการนี้
  คอมเมนท์: การจัดการเรียนกา..


 Copyright 2026. Bcnsprnw @Library